Statistics for 2024 Nadi (Fiji) Airport Destinations

Click here to take the quiz!

General Stats

  • This quiz has been taken 18 times
  • The average score is 17 of 31

Answer Stats

HintAnswer% Correct
Air New Zealand, Fiji AirwaysAuckland
100%
Fiji Airways, Virgin Australia,
Nauru Airlines
Brisbane
100%
Fiji Airways, JetstarMelbourne
100%
Fiji Airways, Qantas, Jetstar,
VIrgin Australia
Sydney
100%
Fiji AirwaysWellington
94%
Fiji AirwaysLos Angeles
88%
Fiji AirwaysApia
81%
Fiji AirwaysChristchurch
81%
Fiji AirwaysSan Francisco
75%
Fiji AirwaysSuva
75%
Fiji AirwaysTokyo
75%
Fiji AirwaysTongatapu/Nuku'alofa
75%
Fiji AirwaysAdelaide
69%
Fiji AirwaysHong Kong
69%
Fiji AirwaysSingapore
69%
Fiji AirwaysHonolulu
63%
Fiji Airways, AircalinNoumea
63%
Fiji AirwaysPort Vila
63%
Fiji AirwaysCanberra
56%
Fiji AirwaysVancouver
56%
Fiji Airways, Air NiuginiHoniara
50%
AircalinPapeete
44%
Fiji AirwaysTarawa
31%
AircalinWallis/Hihifo
25%
Fiji AirwaysLabasa
19%
Fiji AirwaysSavusavu
13%
Fiji AirwaysRotuma
6%
Fiji AirwaysKandavu
0%
Fiji AirwaysKandavu
0%
Fiji AirwaysKiritimati
0%
Fiji AirwaysMatei
0%

Score Distribution

Percentile by Number Answered

Percent of People with Each Score

Your Score History

You have not taken this quiz